000 00482nam a2200181Ia 4500
003 GCL
008 140319s9999 xx 000 0 eng d
040 _aGCL /
_cGCL
082 0 4 _a658.2
_bB H
100 1 _aDAVIES, CHRISTINE
245 1 0 _aHOUSING MANAGEMENT: CHANGING PRACTICE /
_cDAVIES, CHRISTINE
260 _a[S.N] :
_bTHE MACMILLAN PRESS LTD. ،
_c1992
300 _a213 P
650 0 4 _aHOUSING
650 0 4 _aMANAGEMENT
650 0 4 _aHOUSING MAUAGEMENT
942 _2ddc
_cBK
999 _c16748
_d16748